000 00567nam a2200241 a 4500
001 nice12345678
003 IN_TiNIC
005 20260116013420.0
008 050524s1968 caia grp 000 0 eng
020 _a
_c100
082 0 0 _a892.73
_bSAL
100 _aSalam, Mohd Zaghlool
245 _aAsaarul Quran
260 _aCairo
_bDarul Matba`
_c1968
300 _a393p
500 _aincludes index and biblioraphy
505 2 _aIndex
650 _aArabic-Literature
700 1 _aSalam, Mohd Zaghlool
902 _bSRS
942 _cBK
999 _c10896
_d10896